• 首页
  • 本馆介绍
  • 公告通知
  • 最新文献
  • 馆藏检索
  • 电子资源
  • 读者导购
  • 参考咨询
  • 我的图书馆
  • 登录
  • 详细信息显示
  • 放入我的书架
  • 预约/预借图书
  • 作者相关作品
  • 分类相关作品
  • 丛书相关作品
  • 出版社相关作品

书目信息

  • 表格格式
  • 工作单格式
  • 卡片格式
题名:
抢滩资本
    
 
作者: 邢会强 编著
分册: 4   私募股权投资(PE)的国际惯例与中国操作指引
出版信息: 北京   中国法制出版社  2012
页数: 230页
开本: 24cm
丛书名:
单 册:
中图分类: F832.51 , F279.235.6
科图分类:
主题词: 资本市场--研究--中国 , 企业融资--研究--中国 , 资本市场 , 企业融资
电子资源:
ISBN: 978-7-5093-3864-3
000 01178nam0 2200301 450
001 519
005 20140909165153.90
010    @a978-7-5093-3864-3@dCNY68.00
100    @a20121030d2012 em y0chiy50 ea
101 0  @achi
102    @aCN@b110000
105    @ay z 000yy
106    @ar
200 1  @a抢滩资本@AQiang Tan Zi Ben@h4@i私募股权投资(PE)的国际惯例与中国操作指引@ISi Mu Gu Quan Tou Zi (PE) De Guo Ji Guan Li Yu Zhong Guo Cao Zuo Zhi Yin@f邢会强编著@FXing Hui Qiang Bian Zhu
210    @a北京@c中国法制出版社@d2012
215    @a230页@d24cm
300    @a资本的时代系列
330    @a本书为读者讲解私募股权投资的基本知识和不同类型,根据一手资料介绍国际惯例和成功经验,从专业视角预测未来发展趋势,并提供中国企业操作中的疑难问题指引。
517 1  @a私募股权投资(PE)的国际惯例与中国操作指引@ASi Mu Gu Quan Tou Zi (PE) De Guo Ji Guan Li Yu Zhong Guo Cao Zuo Zhi Yin
606 0  @a资本市场@x研究@y中国
606 0  @a企业融资@x研究@y中国
606 0  @a资本市场
606 0  @a企业融资
690    @aF832.51@v5
690    @aF279.235.6@v5
701  0 @a邢会强@AXing Hui Qiang@f(1976~)@4编著
801  0 @aCN@bTANGWEI@c20140603
905    @b0839089-91@dF832.51@e116@f3
    
    抢滩资本.4.私募股权投资(PE)的国际惯例与中国操作指引/邢会强编著.-北京:中国法制出版社,2012
    230页;24cm
    资本的时代系列
    
    ISBN 978-7-5093-3864-3:CNY68.00
    本书为读者讲解私募股权投资的基本知识和不同类型,根据一手资料介绍国际惯例和成功经验,从专业视角预测未来发展趋势,并提供中国企业操作中的疑难问题指引。
●
相关链接 在E读中查询图书 在五车中查询图书 在当当中查询图书 在豆瓣中查询图书


正题名:抢滩资本     索取号:F832.51/116         预约/预借

序号 登录号 条形码 馆藏地/架位号 状态 备注
1 0839089   208390891   第一样本阅览室/ [索取号:F832.51/116] 在馆    
2 0839090   208390908   第一借阅区/ [索取号:F832.51/116] 在馆    
3 0839091   208390917   密集书库-海洋学院/ [索取号:F832.51/116] 在馆    
唐山师范学院图书馆 欢迎您!
大连网信软件有限公司© 版权所有